| 000 | 00577cam a22002053a 4500 | ||
|---|---|---|---|
| 001 | 43197 | ||
| 003 | PGUSA | ||
| 005 | 20140828084000.0 | ||
| 008 | 130712s2013||||xxu|||||s|||||000 | eng d | ||
| 040 |
_aPGUSA _beng |
||
| 042 | _adc | ||
| 100 | 1 | _aWyman, L. P. | |
| 245 | 1 | 4 |
_aThe Golden Boys and Their New Electric Cell _h[electronic resource] / _cL. P. Wyman |
| 260 |
_bProject Gutenberg, _c2013 |
||
| 506 | _aPublic domain in the USA. | ||
| 516 | _aElectronic text | ||
| 830 | 0 |
_aProject Gutenberg _v43197 |
|
| 856 | 4 | 0 | _uhttp://www.gutenberg.org/ebooks/43197 |
| 942 | _cEB | ||
| 999 |
_c272448 _d272448 |
||